000 00647nam a22001817a 4500
020 _a9789693533149
082 _a891.4393
_bTAR
100 _aTarar, Mustansar Hussain
245 _aShehar khali kocha khali/
_cMustansar HussainTarar
260 _aLahore :
_bSang-e-Meel publications,
_c2020.
300 _a216p. :
_c25cm.
563 _aHB
650 _aUrdu literature - Novel.
_91164
880 _6100-01\(3\r
_aمستنصر حسین تارڑ
880 _6245-02\(3\r
_aشہر خالی، کوچہ خالی\
_bمستنصر حسین تارڑ
880 _6260-03\(3\r
_aلاہور:
_bسنگ میل پبلشرز,
_c2020.
942 _2ddc
_cBK
999 _c614137
_d614137